Our working world : problems book /

Bibliographic Details
Main Author: Senesh, Lawrence
Format: Book
Language:English
Published: Chicago : Science Research Associates, [1973]
Edition:Teacher's ed.
Subjects:

MARC

Tag First Indicator Second Indicator Subfields
LEADER 00000cam a2200000 i 4500
001 in00000046898
005 20151007075455.0
008 780708s1973 ilua j 00010 eng d
035 |a (OCoLC)04032551 
035 |9 AAF3273AM 
040 |a IBS  |c IBS  |d TXA  |d UtOrBLW 
049 |a [Curr Col] TXAM  |v 3 [1558925]  |v 4 [1558926]  |v 5 [1558927]  |v 6 [1558928] 
090 |a H95  |b .S43 1973a 
100 1 |a Senesh, Lawrence. 
245 1 0 |a Our working world :  |b problems book /  |c by Lawrence Senesh. 
250 |a Teacher's ed. 
264 1 |a Chicago :  |b Science Research Associates,  |c [1973] 
264 4 |c ©1973 
300 |a 6 volumes :  |b illustrations ;  |c 26 cm. 
336 |a text  |b txt  |2 rdacontent 
337 |a unmediated  |b n  |2 rdamedia 
338 |a volume  |b nc  |2 rdacarrier 
500 |a Gr.1-6. 
505 0 |a [v.3] Cities.--[v.4] Regions of the United States.--[v.5] The American way of life.--[v.6] Regions of the world. 
650 0 |a Social sciences  |v Juvenile literature. 
740 0 2 |a Cities. 
740 0 2 |a Regions of the United States. 
740 0 2 |a American way of life. 
740 0 2 |a Regions of the world. 
999 |a MARS 
999 f f |s 0c2e42de-7f7d-39d7-8759-c50bf707a70c  |i b4453e7f-f800-38df-9138-b3513ecf7061  |t 0 
952 f f |p ric  |a Texas A&M University  |b Rellis Campus  |c Joint Library Facility  |d Remote Storage  |t 0  |e H95 .S43 1973a  |h Library of Congress classification  |i unmediated -- volume  |k v.3  |m A14800216763 
952 f f |p ric  |a Texas A&M University  |b Rellis Campus  |c Joint Library Facility  |d Remote Storage  |t 0  |e H95 .S43 1973a  |h Library of Congress classification  |i unmediated -- volume  |k v.5  |m A14800216789 
952 f f |p ric  |a Texas A&M University  |b Rellis Campus  |c Joint Library Facility  |d Remote Storage  |t 0  |e H95 .S43 1973a  |h Library of Congress classification  |i unmediated -- volume  |k v.4  |m A14800216771 
952 f f |p ric  |a Texas A&M University  |b Rellis Campus  |c Joint Library Facility  |d Remote Storage  |t 0  |e H95 .S43 1973a  |h Library of Congress classification  |i unmediated -- volume  |k v.6  |m A14800216797 
998 f f |a H95 .S43 1973a  |s v.3-v.6  |t 0  |l Remote Storage